Представление документа в формате RUSMARC

ПолеНазваниеЗначение
  Тип записи a
  Библиографический уровень m
001 Контрольный номер RU/IS/BASE/562422877
005 Дата корректировки 20220614120725.0
010 Индекс ISBN __
a ISBN 978-5-353-07986-6 (в пер.)
d Цена 230-09
100 Данные общей обработки __
a Данные общей обработки 19171027d2017||||||| 0rusy0189 ca
101 Язык документа 0_
a Язык текста rus
102 Страна публикации __
a Страна публикации RU|
105 Кодированные данные (монография) __
a Кодированные данные (монография) #|||||||000zy
200 Заглавие и сведения об ответственности 1_
a Заглавие Серая мышь для королевы
e Сведения, относящиеся к заглавию [повесть : для среднего и старшего школьного возраста]
f Первые сведения об ответственности Эльвира Смелик
b Общее обозначение материала Текст
210 Выходные данные 1_
a Место издания Москва
c Издательство Росмэн
d Дата издания 2017
215 Физическое описание __
a Объем 252, [1] с.
d Формат 21 см
225 Серия 2_
a Серия Линия души
225 Серия 2_
a Серия #Linea_D
330 Аннотация __
a Аннотация "Серая мышь для королевы" - роман одной из лучших современных писательниц для молодежи Эльвиры Смелик. В каждом классе есть королева, которая ни с кем не дружит, встречается с самым крутым парнем в школе, отлично учится, и все девочки ей отчаянно завидуют, а мальчишки только и мечтают, чтобы она обратила на них внимание. Но на сей раз все внимание достается не только красавице и отличнице Кате, но и "серой мышке" Марине. И именно этой тихоне Марине удается не только завоевать лучшего парня в школе, но и заставить вновь переживать и радоваться надменную Катю. Новая серия для подростков "Линия души" - истории о взрослении, о школе, о жизни и, конечно, о любви от лучших отечественных авторов.
333 Примечание о целевом назначении __
a Примечание о целевом назначении 12+. Для детей старше 12 лет
606 Тематические рубрики __
a Основная рубрика Художественная литература
606 Тематические рубрики __
a Основная рубрика Современная русская литература (произведения)
610 Ключевые слова 0_
a Ключевые слова детская литература
a Ключевые слова повести
a Ключевые слова подростковая литература
a Ключевые слова тема взросления
a Ключевые слова тема девиантного поведения
a Ключевые слова тема дружбы
a Ключевые слова тема первой любви
a Ключевые слова тема поведения
a Ключевые слова тема подростков
a Ключевые слова тема подростковой любви
a Ключевые слова тема старшеклассников
a Ключевые слова тема школы
a Ключевые слова тема школьников
a Ключевые слова тема школьной жизни
686 Индексы других классификаций __
2 Код системы rubbks
a Классификационный индекс 84(2=411.2)6-4; ст84(2Рос=Рус)6-4
700 Автор _1
a Фамилия Смелик
b Имя Э. В.
f Даты 1969-
g Полное личное имя Эльвира Владимировна
4 Код отношения 070
801 Источник записи _0
a Страна RU
b Организация Муниципальное бюджетное учреждение культуры "Централизованная библиотечная система" г. Сургут (Центральная городская библиотека им. А. С. Пушкина)
c Дата составления 20171027
g Правила каталогизации RCR
801 Источник записи _1
a Страна RU
b Организация Муниципальное бюджетное учреждение культуры "Централизованная библиотечная система" г. Сургут (Центральная городская библиотека им. А. С. Пушкина)
c Дата составления 20171027
g Правила каталогизации RCR
852 Данные о местонахождении __
j Шифр хранения 84(2=411.2)6-4
i Авторский знак С 50
901 Тип документа __
t Тип документа m
a Ответственный КиК/Мамарузиева
903 Характеристики (МАРС) __
a Дата передачи 20171027
969 Тип издания __
a Тип издания издание для детей
990 Данные о заказе (DOS) __
j Количество экземпляров (DOS) 13
t N записи в КСУ для И/У (DOS) 201711